[Event "Buenos Aires Diez Reinas (Women)"]
[White "Amed, Stephanie"]
[Black "Malajovich, Sandra"]
[Site "Buenos Aires"]
[Round "8"]
[Result "1/2-1/2"]
[Date "2010.08.29"]
[WhiteElo "2208"]
[BlackElo "2098"]
[PlyCount "85"]
[EventDate "2010.08.19"]
[EventType "tourn"]
[EventRounds "9"]
[EventCountry "ARG"]
[SourceTitle "CBM 138 Extra"]
[Source "ChessBase"]
[SourceDate "2010.10.29"]
[SourceVersion "1"]
[SourceVersionDate "2010.10.29"]
[SourceQuality "1"]

1. d4 d5 2. Nf3 Nf6 3. g3 c6 4. Bg2 Bf5 5. 0-0 e6 6. c4 Bxb1 7. Rxb1 Bd6 8. b3 0-0 9. Bb2 Nbd7 10. e3 Ne4 11. Ne5 f5 12. f3 Nef6 13. Qc2 Qc7 14. Nd3 Rf7 15. Rbc1 Re8 16. Rfd1 Qb8 17. f4 Ne4 18. Ne5 Rfe7 19. Qe2 Ndf6 20. Bc3 g5 21. cxd5 cxd5 22. Qe1 Rg7 23. Bb4 Bxb4 24. Qxb4 gxf4 25. exf4 Kh8 26. Rc2 Reg8 27. Kh1 h5 28. Qe1 h4 29. gxh4 a6 30. Rdc1 Ng4 31. Bf3 Nxe5 32. fxe5 Qd8 33. h5 Kh7 34. Rg2 Ng5 35. Be2 Qb6 36. Qh4 Ne4 37. Rxg7+ Rxg7 38. h6 Rc7 39. Rxc7+ Qxc7 40. Kg2 Qc2 41. Qe7+ Kxh6 42. Qh4+ Kg7 43. Qe7+ 1/2-1/2

[Event "Buenos Aires Diez Reinas (Women)"]
[White "Amed, Stephanie"]
[Black "Plazaola, Maria de los Angele"]
[Site "Buenos Aires"]
[Round "5"]
[Result "1/2-1/2"]
[Date "2010.08.24"]
[WhiteElo "2208"]
[BlackElo "2185"]
[PlyCount "77"]
[EventDate "2010.08.19"]
[EventType "tourn"]
[EventRounds "9"]
[EventCountry "ARG"]
[SourceTitle "CBM 138 Extra"]
[Source "ChessBase"]
[SourceDate "2010.10.29"]
[SourceVersion "1"]
[SourceVersionDate "2010.10.29"]
[SourceQuality "1"]

1. Nf3 d5 2. d4 e6 3. c4 Nf6 4. Nc3 c6 5. cxd5 exd5 6. Bg5 Bd6 7. e3 0-0 8. Bd3 Nbd7 9. 0-0 Re8 10. Qc2 h6 11. Bh4 Qc7 12. Rac1 a6 13. Bf5 Qa5 14. a3 Be7 15. b4 Qd8 16. Bg3 Nb6 17. Bd3 Be6 18. Ne5 a5 19. Rb1 axb4 20. axb4 Nc4 21. Qe2 Nxe5 22. dxe5 Nh7 23. Qc2 Nf8 24. Na4 b6 25. Nc3 c5 26. bxc5 bxc5 27. Bb5 Bd7 28. Nxd5 Bxb5 29. Nxe7+ Qxe7 30. Rxb5 Nd7 31. Rb7 Qe6 32. f4 Ra2 33. f5 Qa6 34. Qb1 Nf8 35. Rb6 Qa8 36. Rb2 Ra3 37. Qc1 Qa7 38. Rc2 Nd7 39. Qb2 1/2-1/2

[Event "Buenos Aires Diez Reinas (Women)"]
[White "Amed, Stephanie"]
[Black "Fernandez, Maria Florencia"]
[Site "Buenos Aires"]
[Round "3"]
[Result "1/2-1/2"]
[Date "2010.08.21"]
[WhiteElo "2208"]
[BlackElo "2106"]
[PlyCount "21"]
[EventDate "2010.08.19"]
[EventType "tourn"]
[EventRounds "9"]
[EventCountry "ARG"]
[SourceTitle "CBM 138 Extra"]
[Source "ChessBase"]
[SourceDate "2010.10.29"]
[SourceVersion "1"]
[SourceVersionDate "2010.10.29"]
[SourceQuality "1"]

1. c4 c5 2. Nc3 Nc6 3. g3 g6 4. Bg2 Bg7 5. e3 d6 6. Nge2 Nf6 7. 0-0 0-0 8. b3 Rb8 9. Bb2 Qd7 10. Rb1 b6 11. d4 1/2-1/2

[Event "Buenos Aires Diez Reinas (Women)"]
[White "Leone, Juliana"]
[Black "Amed, Stephanie"]
[Site "Buenos Aires"]
[Round "2"]
[Result "1/2-1/2"]
[Date "2010.08.20"]
[WhiteElo "2096"]
[BlackElo "2208"]
[PlyCount "49"]
[EventDate "2010.08.19"]
[EventType "tourn"]
[EventRounds "9"]
[EventCountry "ARG"]
[SourceTitle "CBM 138 Extra"]
[Source "ChessBase"]
[SourceDate "2010.10.29"]
[SourceVersion "1"]
[SourceVersionDate "2010.10.29"]
[SourceQuality "1"]

1. e4 e6 2. d4 d5 3. Nd2 c5 4. exd5 Qxd5 5. Ngf3 cxd4 6. Bc4 Qd6 7. 0-0 Nf6 8. Nb3 Nc6 9. Nfxd4 Nxd4 10. Nxd4 a6 11. Re1 Qc7 12. Qe2 Bd6 13. Bg5 0-0 14. Bxf6 gxf6 15. Qg4+ Kh8 16. Qh4 Be7 17. Nf5 exf5 18. Re3 Rg8 19. Bxf7 Rg7 20. Qxf6 Be6 21. Qxe6 Bf8 22. Bh5 Qxc2 23. Re2 Qd3 24. Re3 Qc2 25. Re2 1/2-1/2

[Event "Buenos Aires Diez Reinas (Women)"]
[White "Amed, Stephanie"]
[Black "Nejanky, Maisa"]
[Site "Buenos Aires"]
[Round "1"]
[Result "1/2-1/2"]
[Date "2010.08.19"]
[WhiteElo "2208"]
[BlackElo "2057"]
[PlyCount "185"]
[EventDate "2010.08.19"]
[EventType "tourn"]
[EventRounds "9"]
[EventCountry "ARG"]
[SourceTitle "CBM 138 Extra"]
[Source "ChessBase"]
[SourceDate "2010.10.29"]
[SourceVersion "1"]
[SourceVersionDate "2010.10.29"]
[SourceQuality "1"]

1. Nf3 c5 2. c4 Nc6 3. g3 g6 4. Bg2 Bg7 5. 0-0 Nf6 6. d4 cxd4 7. Nxd4 Qb6 8. Nc2 Na5 9. Nba3 d6 10. Be3 Qc7 11. Nb5 Qb8 12. b3 a6 13. Nc3 Bd7 14. Bb6 Nc6 15. Nd5 Nxd5 16. cxd5 Na7 17. Rc1 Nc8 18. Bd4 0-0 19. Ne3 e5 20. dxe6 fxe6 21. Bxg7 Kxg7 22. Qd4+ e5 23. Qc3 Ra7 24. f4 b5 25. fxe5 Rxf1+ 26. Rxf1 dxe5 27. Nd5 Be6 28. Nf4 Bf7 29. Rc1 Nb6 30. Nd3 Re7 31. Qc5 Re6 32. Bh3 Re8 33. Nb4 Qb7 34. Bg2 e4 35. Qd4+ Kg8 36. Rc6 Nd5 37. Nxd5 Qxc6 38. Nf6+ Kf8 39. Nxe8 Kxe8 40. Bxe4 Qc7 41. Bd3 Qa5 42. a4 bxa4 43. Qxa4+ Qxa4 44. bxa4 a5 45. Kf2 Bb3 46. Bb5+ Ke7 47. Ke3 Ke6 48. Kd4 Kd6 49. e4 Bd1 50. h4 h6 51. Be8 g5 52. e5+ Ke6 53. Bb5 Bc2 54. Bc4+ Ke7 55. hxg5 hxg5 56. Kc5 Bxa4 57. Kb6 Bd7 58. Kxa5 Be6 59. Kb4 Bf5 60. Kc5 Bg4 61. Kd4 Bf5 62. Bd5 Kd7 63. Ke3 Ke7 64. Kf3 Bd7 65. Bg8 Bf5 66. Bb3 Bd7 67. Bc2 Ke6 68. Ke4 Bc6+ 69. Kd4 Bf3 70. Bh7 Bc6 71. Bg8+ Ke7 72. Kc5 Bd7 73. Kd5 Ba4 74. Kd4 Bc6 75. Kc5 Bf3 76. Kd4 Kf8 77. Bh7 Ke7 78. Ke3 Bg4 79. Ke4 Ke6 80. Bg6 Ke7 81. Bf5 Bd1 82. Ke3 Bb3 83. Kd4 Ba2 84. Bg4 Bb3 85. Be2 Ba2 86. Bg4 Bb3 87. Be2 Ke6 88. Ba6 Ke7 89. Ke4 Be6 90. Bb7 Bg4 91. Bd5 Kd7 92. Bb3 Ke7 93. Ba4 1/2-1/2

[Event "ARG-ch (Women)"]
[White "Plazaola, Maria de los Angele"]
[Black "Amed, Stephanie"]
[Site "Buenos Aires"]
[Round "9"]
[Result "1/2-1/2"]
[Date "2010.07.14"]
[WhiteElo "2185"]
[BlackElo "2208"]
[PlyCount "134"]
[EventDate "2010.07.05"]
[EventType "swiss"]
[EventRounds "9"]
[EventCountry "ARG"]
[SourceTitle "CBM 137 Extra"]
[Source "ChessBase"]
[SourceDate "2010.09.01"]
[SourceVersion "1"]
[SourceVersionDate "2010.09.01"]
[SourceQuality "1"]

1. e4 e6 2. d4 d5 3. Nc3 Bb4 4. e5 b6 5. Qg4 Bf8 6. Bd3 Ba6 7. Nge2 Qd7 8. Ng3 c5 9. dxc5 bxc5 10. Bxa6 Nxa6 11. 0-0 g6 12. h4 h5 13. Qe2 Nc7 14. Bg5 Be7 15. Bxe7 Qxe7 16. Nb5 Nxb5 17. Qxb5+ Kf8 18. c4 Rd8 19. Rad1 Kg7 20. Rfe1 Nh6 21. cxd5 exd5 22. Qc6 Ng4 23. Rxd5 Rxd5 24. Qxd5 Rd8 25. Qf3 Rd2 26. Ne4 Qxe5 27. Qc3 Qxc3 28. bxc3 Rxa2 29. f3 Nf6 30. Nxc5 Rc2 31. Ne4 Nxe4 32. Rxe4 Rxc3 33. Ra4 Rc7 34. Ra6 Rc4 35. Rxa7 Rxh4 36. Kf2 Rc4 37. Kg3 g5 38. Rb7 Kg6 39. Ra7 Rc2 40. Rb7 h4+ 41. Kh3 Rc3 42. Kh2 f6 43. Rb6 Rc5 44. Kh3 Rf5 45. Ra6 Rf4 46. Rb6 Kh5 47. Ra6 Kg6 48. Rb6 Kf5 49. Ra6 Ke5 50. Ra5+ Kd4 51. Ra4+ Ke3 52. Ra3+ Kd4 53. Ra4+ Ke5 54. Ra5+ Ke6 55. Ra6+ Kf7 56. Ra7+ Kg6 57. Ra6 Rb4 58. Rc6 Kf5 59. Ra6 Ke5 60. Kh2 f5 61. Rh6 Kf4 62. Rh8 Rb2 63. Rh7 Rc2 64. Rf7 Rc1 65. Rh7 Rf1 66. Rh8 Rf2 67. Rh7 Rd2 1/2-1/2

[Event "ARG-ch (Women)"]
[White "Zuriel, Marisa"]
[Black "Amed, Stephanie"]
[Site "Buenos Aires"]
[Round "2"]
[Result "1/2-1/2"]
[Date "2010.07.06"]
[WhiteElo "2205"]
[BlackElo "2208"]
[PlyCount "29"]
[EventDate "2010.07.05"]
[EventType "swiss"]
[EventRounds "9"]
[EventCountry "ARG"]
[SourceTitle "CBM 137 Extra"]
[Source "ChessBase"]
[SourceDate "2010.09.01"]
[SourceVersion "1"]
[SourceVersionDate "2010.09.01"]
[SourceQuality "1"]

1. e4 e6 2. d4 d5 3. Nc3 Bb4 4. e5 b6 5. Qg4 Bf8 6. h4 h5 7. Qg3 Ne7 8. Bd3 Ba6 9. Bg5 Qd7 10. Nge2 Bxd3 11. Qxd3 Nbc6 12. Ng3 Ng8 13. Nce2 Be7 14. c3 Na5 15. Bxe7 1/2-1/2

[Event "Wch U20 Girls"]
[White "Amed, Stephanie"]
[Black "Congiu, Mathilde"]
[Site "Puerto Madryn"]
[Round "10"]
[Result "1/2-1/2"]
[Date "2009.10.31"]
[WhiteElo "2159"]
[BlackElo "2149"]
[PlyCount "67"]
[EventDate "2009.10.22"]
[EventType "swiss"]
[EventRounds "13"]
[EventCountry "ARG"]
[SourceTitle "EXT 2010"]
[Source "ChessBase"]
[SourceDate "2010.11.25"]
[SourceVersion "1"]
[SourceVersionDate "2010.11.25"]
[SourceQuality "1"]

1. e4 e5 2. Nf3 Nc6 3. Bc4 Nf6 4. d3 d5 5. exd5 Nxd5 6. 0-0 Bc5 7. Nbd2 0-0 8. Ne4 Be7 9. Re1 Bg4 10. h3 Bh5 11. Ng3 Bg6 12. Nxe5 Nxe5 13. Rxe5 Nb6 14. Qg4 Re8 15. Bg5 Bxg5 16. Rxe8+ Qxe8 17. Qxg5 Nxc4 18. dxc4 Bxc2 19. Qd2 Bg6 20. Rd1 Qe7 21. Qd5 c6 22. Qd7 Qxd7 23. Rxd7 Rb8 24. f4 Bb1 25. a3 Kf8 26. c5 Ba2 27. Rd4 Bb1 28. Kf2 Ke7 29. Rd1 Bc2 30. Rd2 Bb1 31. Nh5 Bg6 32. Ng3 Bb1 33. Nh5 Bg6 34. Ng3 1/2-1/2

[Event "Wch U20 Girls"]
[White "Mikadze, Miranda"]
[Black "Amed, Stephanie"]
[Site "Puerto Madryn"]
[Round "9"]
[Result "1/2-1/2"]
[Date "2009.10.30"]
[WhiteElo "2317"]
[BlackElo "2159"]
[PlyCount "76"]
[EventDate "2009.10.22"]
[EventType "swiss"]
[EventRounds "13"]
[EventCountry "ARG"]
[SourceTitle "EXT 2010"]
[Source "ChessBase"]
[SourceDate "2010.11.25"]
[SourceVersion "1"]
[SourceVersionDate "2010.11.25"]
[SourceQuality "1"]

1. e4 e6 2. d4 d5 3. Nc3 Bb4 4. e5 c5 5. Bd2 Nh6 6. Nb5 Bxd2+ 7. Qxd2 0-0 8. dxc5 Nd7 9. Nf3 Nxc5 10. Bd3 a6 11. Nbd4 f6 12. 0-0 Ng4 13. Rae1 fxe5 14. Nxe5 Nf6 15. f3 Qd6 16. Rf2 Bd7 17. c3 Rae8 18. Bc2 Bc8 19. Rfe2 b5 20. b4 Nb7 21. a4 Qb6 22. Kh1 Nd6 23. Qd3 Nc4 24. axb5 axb5 25. Nb3 Qc7 26. Nc5 Nxe5 27. Rxe5 Ne4 28. Qd4 Nxc5 29. bxc5 Bd7 30. Rh5 h6 31. Qd3 Rf6 32. Rh4 Qxc5 33. Rg4 Rf5 34. Qd2 Rf6 35. Qd3 Rf5 36. Rg6 Qf2 37. Rf1 Qh4 38. g4 Rg5 1/2-1/2

[Event "Wch U20 Girls"]
[White "Amed, Stephanie"]
[Black "Hairapetian, Anna"]
[Site "Puerto Madryn"]
[Round "4"]
[Result "1/2-1/2"]
[Date "2009.10.24"]
[WhiteElo "2159"]
[BlackElo "2181"]
[PlyCount "84"]
[EventDate "2009.10.22"]
[EventType "swiss"]
[EventRounds "13"]
[EventCountry "ARG"]
[SourceTitle "EXT 2010"]
[Source "ChessBase"]
[SourceDate "2010.11.25"]
[SourceVersion "1"]
[SourceVersionDate "2010.11.25"]
[SourceQuality "1"]

1. e4 c5 2. Nf3 d6 3. d4 cxd4 4. Nxd4 Nf6 5. Nc3 g6 6. Be3 Bg7 7. f3 0-0 8. Qd2 Nc6 9. 0-0-0 Bd7 10. g4 Rc8 11. h4 h5 12. g5 Ne8 13. Kb1 Nc7 14. Nb3 Na6 15. Nd5 Be6 16. f4 Qd7 17. a3 Nc7 18. c4 b6 19. Be2 Rb8 20. Nd4 Na5 21. Rhf1 Bh3 22. Rf2 Ne6 23. Nxe6 fxe6 24. Nb4 Qb7 25. Qd3 Rbc8 26. Rc1 b5 27. cxb5 d5 28. Bc5 Rxc5 29. Rxc5 Qb6 30. Na6 Nb7 31. b4 Nxc5 32. Nxc5 Bg4 33. Bxg4 hxg4 34. Rf1 dxe4 35. Qxe4 Qxb5 36. Qxe6+ Kh7 37. Qe1 a5 38. h5 Rf5 39. hxg6+ Kxg6 40. Qe6+ Bf6 41. Qg8+ Bg7 42. Qe6+ Bf6 1/2-1/2

[Event "Wch U20 Girls"]
[White "Hattingh, Angelique"]
[Black "Amed, Stephanie"]
[Site "Puerto Madryn"]
[Round "1"]
[Result "0-1"]
[Date "2009.10.22"]
[WhiteElo "1790"]
[BlackElo "2159"]
[PlyCount "70"]
[EventDate "2009.10.22"]
[EventType "swiss"]
[EventRounds "13"]
[EventCountry "ARG"]
[SourceTitle "EXT 2010"]
[Source "ChessBase"]
[SourceDate "2010.11.25"]
[SourceVersion "1"]
[SourceVersionDate "2010.11.25"]
[SourceQuality "1"]

1. e4 e6 2. d4 d5 3. Nd2 c5 4. exd5 Qxd5 5. Ngf3 cxd4 6. Bc4 Qd6 7. 0-0 Nf6 8. Nb3 Nc6 9. Nbxd4 Nxd4 10. Nxd4 a6 11. Bb3 Qc7 12. c3 Bd6 13. h3 Bd7 14. Qf3 0-0-0 15. Bc2 h6 16. Bd2 Kb8 17. Bd3 e5 18. Nb3 Bc6 19. Qe2 e4 20. Bb1 Bb5 21. c4 Bxc4 22. Qe3 Nd5 23. Qxe4 Bh2+ 24. Kh1 Bxf1 25. Qe1 Bb5 26. g3 Rhe8 27. Qc1 Bxg3 28. fxg3 Qxg3 29. Nd4 Qxh3+ 30. Kg1 Qg4+ 31. Kh1 Qxd4 32. Bc2 Qh4+ 33. Kg1 Re2 34. Be1 Qh2+ 35. Kf1 Qg2# 0-1

[Event "Mercosur ol 1st"]
[White "Amed, Stephanie"]
[Black "Feliciano Ebert, Vanessa"]
[Site "Mar del Plata"]
[Round "7"]
[Result "1/2-1/2"]
[Date "2009.06.26"]
[WhiteElo "2166"]
[BlackElo "2112"]
[PlyCount "148"]
[EventDate "2009.06.20"]
[EventType "tourn"]
[EventRounds "7"]
[EventCountry "ARG"]
[SourceTitle "CBM 131 Extra"]
[Source "ChessBase"]
[SourceDate "2009.09.03"]
[SourceVersion "2"]
[SourceVersionDate "2009.09.16"]
[SourceQuality "1"]

1. e4 c5 2. Nf3 Nc6 3. d4 cxd4 4. Nxd4 Nf6 5. Nc3 e5 6. Ndb5 d6 7. Bg5 a6 8. Na3 b5 9. Nd5 Be7 10. Bxf6 Bxf6 11. c3 0-0 12. Nc2 Bg5 13. a4 bxa4 14. Rxa4 a5 15. Nce3 Bxe3 16. Nxe3 Ne7 17. Bc4 Kh8 18. 0-0 Bd7 19. Ra2 Be6 20. Qd3 Qb6 21. Rfa1 Rab8 22. g3 Bh3 23. b3 f5 24. exf5 Nxf5 25. Rxa5 Qd8 26. Qe4 Qf6 27. Nxf5 Bxf5 28. Qe3 Be6 29. Bxe6 Qxe6 30. c4 Qf5 31. Rd5 Qc2 32. Rc1 Qb2 33. Qd2 Qxb3 34. Rxd6 Qa3 35. Rd3 Rb2 36. Rxa3 Rxd2 37. c5 h6 38. Rf1 Rc2 39. Ra5 e4 40. Ra4 Rxc5 41. Rxe4 Rc2 42. Kg2 Kh7 43. Re3 Rf7 44. g4 Ra2 45. Kg3 Rb2 46. f4 Rfb7 47. f5 R7b3 48. Rff3 Rxe3 49. Rxe3 Rb6 50. h4 Kg8 51. g5 hxg5 52. hxg5 Kf7 53. Kf4 Ra6 54. Re4 Rb6 55. Rc4 Rb1 56. g6+ Ke7 57. Rc7+ Kf8 58. Rf7+ Kg8 59. Rd7 Kf8 60. Rf7+ Kg8 61. Rd7 Rb8 62. Ke5 Kf8 63. Kd6 Ra8 64. Rc7 Rd8+ 65. Kc6 Ra8 66. Kd7 Rb8 67. Kc6 Ra8 68. Kb7 Re8 69. Kc6 Ra8 70. Kd7 Rb8 71. Ke6 Re8+ 72. Kd6 Rd8+ 73. Rd7 Rc8 74. Kd5 Rb8 1/2-1/2

[Event "Mercosur ol 1st"]
[White "Cordero, Daniela"]
[Black "Amed, Stephanie"]
[Site "Mar del Plata"]
[Round "6"]
[Result "0-1"]
[Date "2009.06.25"]
[WhiteElo "1969"]
[BlackElo "2166"]
[PlyCount "72"]
[EventDate "2009.06.20"]
[EventType "tourn"]
[EventRounds "7"]
[EventCountry "ARG"]
[SourceTitle "CBM 131 Extra"]
[Source "ChessBase"]
[SourceDate "2009.09.03"]
[SourceVersion "2"]
[SourceVersionDate "2009.09.16"]
[SourceQuality "1"]

1. Nf3 Nf6 2. g3 g6 3. b4 Bg7 4. Bb2 0-0 5. Bg2 d6 6. c4 e5 7. d3 Nbd7 8. 0-0 Qe7 9. Nbd2 a5 10. b5 Ne8 11. e3 f5 12. d4 g5 13. c5 e4 14. cxd6 cxd6 15. Qb3+ Kh8 16. Ne1 Nb6 17. Ba3 Be6 18. Qd1 Nc4 19. Nc2 Nc7 20. Nxc4 Bxc4 21. Re1 Nxb5 22. f3 Bd3 23. Bb2 Rac8 24. Rc1 Qe6 25. d5 Qxd5 26. Bxg7+ Kxg7 27. fxe4 fxe4 28. Bh3 Rc5 29. a4 Nc3 30. Qg4 Kh8 31. Nd4 Qa2 32. Ne6 Qf2+ 33. Kh1 Be2 34. Rf1 Qxf1+ 35. Bxf1 Bxg4 36. Nxf8 Kg7 0-1

[Event "Mercosur ol 1st"]
[White "Amed, Stephanie"]
[Black "Amura, Claudia Noemi"]
[Site "Mar del Plata"]
[Round "1"]
[Result "1/2-1/2"]
[Date "2009.06.20"]
[WhiteElo "2166"]
[BlackElo "2339"]
[PlyCount "41"]
[EventDate "2009.06.20"]
[EventType "tourn"]
[EventRounds "7"]
[EventCountry "ARG"]
[SourceTitle "CBM 131 Extra"]
[Source "ChessBase"]
[SourceDate "2009.09.03"]
[SourceVersion "2"]
[SourceVersionDate "2009.09.16"]
[SourceQuality "1"]

1. e4 g6 2. d4 Bg7 3. c3 c6 4. Bd3 d5 5. Nd2 dxe4 6. Nxe4 Nd7 7. Qe2 Ndf6 8. Ng3 h5 9. h4 Qd5 10. f3 Nh6 11. Bf4 Nf5 12. Ne4 0-0 13. Bc4 Qa5 14. 0-0-0 Nxe4 15. Qxe4 c5 16. dxc5 Qxc5 17. Rd5 Qf2 18. Rd2 Qc5 19. Rd5 Qf2 20. Rd2 Qc5 21. Rd5 1/2-1/2

[Event "Olympiad Women-38"]
[White "Frank Nielsen, Marie"]
[Black "Amed, Stephanie"]
[Site "Dresden"]
[Round "7"]
[Result "1/2-1/2"]
[Date "2008.11.20"]
[WhiteElo "1971"]
[BlackElo "2099"]
[PlyCount "65"]
[EventDate "2008.11.13"]
[EventType "team-swiss"]
[EventRounds "11"]
[EventCountry "GER"]
[SourceTitle "CBM 128"]
[Source "ChessBase"]
[SourceDate "2009.01.28"]
[SourceVersion "1"]
[SourceVersionDate "2009.01.28"]
[SourceQuality "1"]
[WhiteTeam "Denmark (W)"]
[BlackTeam "Argentina (W)"]
[WhiteTeamCountry "DEN"]
[BlackTeamCountry "ARG"]

1. e4 e6 2. d4 d5 3. Nc3 Bb4 4. Bd3 dxe4 5. Bxe4 Nf6 6. Bf3 c5 7. a3 Bxc3+ 8. bxc3 0-0 9. Ne2 Nc6 10. 0-0 Qa5 11. Bd2 Rd8 12. Qc1 cxd4 13. cxd4 Qc7 14. c3 e5 15. Bxc6 bxc6 16. Bg5 Qd6 17. dxe5 Qxe5 18. Ng3 Rd5 19. Bf4 Qe7 20. c4 Rd4 21. Re1 Qd8 22. Be5 Rg4 23. Bxf6 gxf6 24. Nh5 Be6 25. Qh6 Rg6 26. Qf4 Bg4 27. Ng3 Qa5 28. Re3 Be6 29. Rae1 Qg5 30. Qxg5 fxg5 31. c5 Rb8 32. Ne4 Rb5 33. Rc3 1/2-1/2

[Event "Villa Martelli Pro Am op 15th"]
[White "Slipak, Sergio"]
[Black "Amed, Stephanie"]
[Site "Villa Martelli"]
[Round "3"]
[Result "1-0"]
[Date "2008.10.12"]
[WhiteElo "2456"]
[BlackElo "2142"]
[PlyCount "93"]
[EventDate "2008.10.10"]
[EventType "swiss"]
[EventRounds "9"]
[EventCountry "ARG"]
[SourceTitle "CBM 126 Extra"]
[Source "ChessBase"]
[SourceDate "2008.11.05"]
[SourceVersion "1"]
[SourceVersionDate "2008.11.05"]
[SourceQuality "1"]

1. Nf3 Nf6 2. g3 g6 3. b3 Bg7 4. Bb2 0-0 5. Bg2 d6 6. d4 e5 7. dxe5 Ng4 8. 0-0 Nxe5 9. Nxe5 dxe5 10. Nd2 Qe7 11. Nc4 Rd8 12. Qc1 Nc6 13. Bxc6 bxc6 14. Qe3 Re8 15. Rfd1 Ba6 16. Na5 Qe6 17. c4 Bf8 18. Bc3 f6 19. Rd2 c5 20. Rad1 Bd6 21. Bb2 Bc8 22. Ba3 Qe7 23. Qe4 Bf5 24. Qd5+ Be6 25. Qg2 Bf7 26. Nb7 e4 27. Nxd6 cxd6 28. Rxd6 Qe5 29. Qh3 Rac8 30. Qh6 a5 31. Qc1 Be6 32. Bb2 Qf5 33. Qc3 a4 34. R1d5 Bxd5 35. Rxf6 Qe5 36. Qxe5 Rxe5 37. Bxe5 Bf7 38. Rb6 axb3 39. axb3 Be8 40. Rb7 h5 41. Kg2 Rc6 42. Kh3 Re6 43. Bb2 e3 44. f3 Bc6 45. Rc7 Kf8 46. Ba3 Ke8 47. Bxc5 1-0

[Event "Buenos Aires-ch (Women)"]
[White "Burijovich, Liliana"]
[Black "Amed, Stephanie"]
[Site "Buenos Aires"]
[Round "8"]
[Result "1/2-1/2"]
[Date "2008.10.03"]
[WhiteElo "2200"]
[BlackElo "2099"]
[PlyCount "194"]
[EventDate "2008.09.27"]
[EventType "swiss"]
[EventRounds "9"]
[EventCountry "ARG"]
[SourceTitle "CBM 126 Extra"]
[Source "ChessBase"]
[SourceDate "2008.11.05"]
[SourceVersion "1"]
[SourceVersionDate "2008.11.05"]
[SourceQuality "1"]

1. Nf3 Nf6 2. g3 g6 3. Bg2 Bg7 4. 0-0 0-0 5. c4 d6 6. d4 Nc6 7. Nc3 e5 8. dxe5 Nxe5 9. Nxe5 dxe5 10. Qxd8 Rxd8 11. Bg5 Rd4 12. Nd5 Nxd5 13. cxd5 e4 14. Be3 Rxd5 15. Bxe4 Rb5 16. Rfd1 Be6 17. Rac1 c6 18. b3 a5 19. Rd2 Bf6 20. Bc5 Bf5 21. Bg2 Be6 22. e3 a4 23. b4 a3 24. Bf1 Bb2 25. Rcc2 Bxa2 26. Bxb5 cxb5 27. Bd4 Bb1 28. Rxb2 axb2 29. Bxb2 Bf5 30. f3 Re8 31. e4 Be6 32. Bf6 h6 33. Kf2 Kh7 34. h4 Rc8 35. g4 Ra8 36. Kg3 Re8 37. Kf4 Bc8 38. Rd5 Kg8 39. Rxb5 Kf8 40. Rc5 Bd7 41. b5 Kg8 42. Rd5 Be6 43. Rc5 Rc8 44. Re5 Re8 45. g5 h5 46. b6 Bd7 47. Rd5 Bc6 48. Rd6 Bb5 49. Ke3 Kf8 50. Rd5 Ba4 51. Ra5 Bd7 52. Kd4 Rc8 53. Ra7 Bc6 54. Ke5 Ke8 55. Kd6 Kf8 56. Ra5 Be8 57. Be7+ Kg8 58. Kd5 Bd7 59. Ke5 Be8 60. f4 Bd7 61. f5 Kg7 62. Bf6+ Kf8 63. Kd6 Be8 64. Be7+ Kg7 65. Ke5 Kg8 66. Rd5 Ba4 67. Rd6 Kg7 68. Bf6+ Kg8 69. Be7 Kg7 70. Kd4 Bb5 71. Bf6+ Kg8 72. Be5 Be8 73. Ke3 Kf8 74. fxg6 fxg6 75. Rf6+ Kg8 76. Bc7 Bf7 77. Rd6 Re8 78. Kd4 Kg7 79. Rd7 Re6 80. Bd8 Kf8 81. Ke3 Re8 82. Kf4 Be6 83. Rd6 Kf7 84. Bf6 Bg4 85. Bd4 Be6 86. Bb2 Rc8 87. Rd2 Ke7 88. Ba3+ Ke8 89. Bd6 Rc6 90. Bc7 Bd7 91. Rf2 Ke7 92. Ke5 Re6+ 93. Kd4 Rc6 94. e5 Be6 95. Bd6+ Kd7 96. Bc5 Bf5 97. Ra2 Rc8 1/2-1/2

[Event "Buenos Aires-ch (Women)"]
[White "Amed, Stephanie"]
[Black "Zuriel, Marisa"]
[Site "Buenos Aires"]
[Round "7"]
[Result "1/2-1/2"]
[Date "2008.10.02"]
[WhiteElo "2099"]
[BlackElo "2231"]
[PlyCount "45"]
[EventDate "2008.09.27"]
[EventType "swiss"]
[EventRounds "9"]
[EventCountry "ARG"]
[SourceTitle "CBM 126 Extra"]
[Source "ChessBase"]
[SourceDate "2008.11.05"]
[SourceVersion "1"]
[SourceVersionDate "2008.11.05"]
[SourceQuality "1"]

1. e4 d6 2. d4 Nf6 3. Nc3 g6 4. f4 Bg7 5. Nf3 c5 6. dxc5 Qa5 7. Qd4 Nc6 8. Bb5 dxc5 9. Qa4 Qxa4 10. Bxa4 0-0 11. e5 Nd7 12. Nd5 e6 13. Bxc6 bxc6 14. Ne7+ Kh8 15. Nxc8 Rfxc8 16. Be3 Bf8 17. b3 c4 18. Ng5 Kg7 19. Ne4 Nb6 20. Ke2 cxb3 21. axb3 Nd5 22. g3 a5 23. Kf3 1/2-1/2

[Event "Buenos Aires-ch (Women)"]
[White "Carraro, Denise"]
[Black "Amed, Stephanie"]
[Site "Buenos Aires"]
[Round "4"]
[Result "0-1"]
[Date "2008.09.29"]
[WhiteElo "2101"]
[BlackElo "2099"]
[PlyCount "84"]
[EventDate "2008.09.27"]
[EventType "swiss"]
[EventRounds "9"]
[EventCountry "ARG"]
[SourceTitle "CBM 126 Extra"]
[Source "ChessBase"]
[SourceDate "2008.11.05"]
[SourceVersion "1"]
[SourceVersionDate "2008.11.05"]
[SourceQuality "1"]

1. e4 e6 2. d4 d5 3. Nc3 Bb4 4. e5 c5 5. a3 Bxc3+ 6. bxc3 Qc7 7. Qg4 f6 8. Bb5+ Kf8 9. Nf3 Qa5 10. Rb1 Qxc3+ 11. Kd1 Qa5 12. a4 a6 13. Ba3 axb5 14. Bxc5+ Kf7 15. Ng5+ Ke8 16. Nxe6 g6 17. Rxb5 Qxb5 18. axb5 f5 19. Nc7+ Kd8 20. Qg5+ Kxc7 21. b6+ Kd7 22. e6+ Ke8 23. Qf4 Nc6 24. Qc7 Nge7 25. Kd2 Rf8 26. Re1 f4 27. h4 h6 28. h5 g5 29. f3 Rf5 30. Kd3 Ra4 31. c3 Ra6 32. g4 fxg3 33. Qxg3 Rf4 34. Bd6 Rf6 35. Bxe7 Nxe7 36. Qe5 Rxf3+ 37. Re3 Rf8 38. Qg7 Rxb6 39. Qxh6 Rb2 40. c4 Rb3+ 41. Kd2 Rxe3 42. Kxe3 Nf5+ 0-1

[Event "Buenos Aires-ch (Women)"]
[White "Sarquis, Maria Belen"]
[Black "Amed, Stephanie"]
[Site "Buenos Aires"]
[Round "2"]
[Result "1/2-1/2"]
[Date "2008.09.28"]
[WhiteElo "2202"]
[BlackElo "2099"]
[PlyCount "40"]
[EventDate "2008.09.27"]
[EventType "swiss"]
[EventRounds "9"]
[EventCountry "ARG"]
[SourceTitle "CBM 126 Extra"]
[Source "ChessBase"]
[SourceDate "2008.11.05"]
[SourceVersion "1"]
[SourceVersionDate "2008.11.05"]
[SourceQuality "1"]

1. e4 e6 2. d4 d5 3. Nd2 c5 4. exd5 Qxd5 5. Ngf3 cxd4 6. Bc4 Qd6 7. 0-0 Nf6 8. Nb3 Nc6 9. Nbxd4 Nxd4 10. Qxd4 Qxd4 11. Nxd4 Bd7 12. Bf4 Rc8 13. Bb3 Bc5 14. Rad1 0-0 15. c3 Rfd8 16. h3 Nd5 17. Bg5 Re8 18. Rfe1 h6 19. Bc1 Nb6 20. Be3 Ba4 1/2-1/2